Geography Quiz

Random Geography or State Quiz
Score 0/6 Timer 01:00
0 Plays Today
Heading Answer % Correct
U.S. StatesMontana
84.2%
U.S. StatesVermont
75.8%
CountriesMontenegro
53.8%
U.S. State CapitalsMontpelier
47.5%
U.S. State CapitalsMontgomery
40.5%
World CapitalsMontevideo
34.2%

You're not logged in!

Compare scores with friends on all Sporcle quizzes.
OR
Log In

Sporcle TV

Today on Sporcle TV


Watch our educational content, quiz creation guides, and fun videos on Sporcle TV.

Show Comments

Extras

Top Quizzes Today


Score Distribution

Paid Content

Your Account Isn't Verified!

In order to create a playlist on Sporcle, you need to verify the email address you used during registration. Go to your Sporcle Settings to finish the process.

Report this User

Report this user for behavior that violates our Community Guidelines.

Details: